000 00718cab a2200265 4500
001 WB2716-27
008 090401t1991 xxu||||| |||| 00| 0 eng d
035 _a(Sirsi) u60765
041 _aeng
245 _aPrefabs make a comeback
260 _c1991
350 _a0
490 _aIndependent
_v24/4/91 p19(2)
520 _aLondon Boroughs are turning to prefabricated housing as a means of providing cheaper houses to solve their housing crisis .
650 _aBUNGALOID
650 _aCOMMUNITY ARCHITECTURE
650 _aHOMELESS
650 _aLOW COST HOUSING
650 _aPREFABS
650 _aSEGAL HOUSES
650 _aWALTER SEGAL
690 _aHOUSING
942 _n0
948 _c04/03/1997
999 _c37553
_d37553